| 000 | 00832nam a22002297a 4500 | ||
|---|---|---|---|
| 005 | 20150424153421.0 | ||
| 010 | _aBAC-EN21 ENG-111681 | ||
| 020 |
_a9788129131058 _c395.00 |
||
| 035 | _aEN-95213 | ||
| 035 | _aB-585437-447 | ||
| 037 |
_bAsian Book Centre/Ven _adpl |
||
| 037 | _bDBAD/PUB | ||
| 082 | _aS | ||
| 100 | _aKipling, Rudyard | ||
| 245 |
_aThe Jungle Book/ _cby Rudyard Kipling ; illustrated by the author'additional illustrations by Prabha Mallya ; introduction by Ruskin Bond |
||
| 260 |
_aNew Delhi _bRain Light (Rupa) _c2014 |
||
| 270 |
_a7/16, Ansari Road, Daryaganj, _bNew Delhi _e110002 |
||
| 300 |
_axi,199p. : _c21cm(Hb) _bill. |
||
| 700 | _aMallya, Prabha | ||
| 942 |
_2ddc _cEN _mKIP _hS |
||
| 999 |
_c89713 _d89713 |
||